Quizz anglais communication 2 - Statistiques

Statistiques générales
  • Ce quiz a été pris 45 fois
  • Le résultat moyen est 3 sur 23
Statistiques - réponses
Hint Réponse % Correct
les deux both
79%
partager to share
38%
retard delay
34%
des que possible as soon as possible
31%
supprimer to delete
28%
climat atmosphere
14%
la censure censorship
14%
image de marque brand image
10%
faire défiler to scroll
10%
une interdiction a ban
7%
être en concurrence to be in competition
7%
n'hésitez pas à do not hesitate to
3%
menu déroulant drop-down
3%
je vous serais reconnaissant de I would be grateful
3%
CDI permanent job
3%
s'excuser to apologise for
3%
naviguer to browse
3%
concurrencer to compete with
3%
malheureusement unfortunetely
3%
délai de livraison delevery time
0%
ci-joint enclosed
0%
passer un message to deliver a message
0%
dans l'attente de votre réponse, je vous prie we look forward to + v en ing
0%
Aucun quiz correspondant
Distribution des résultats
% des personnes avec chaque résultat
Percentile par nombre de réponses
Votre historique - résultats
Vous n’avez pas pris ce quiz